| 000 | 00612nam a2200265Ia 4500 | ||
|---|---|---|---|
| 008 | 190123s9999 xx 000 0 und d | ||
| 020 | _a9780531252321 | ||
| 050 | _bS368 2010 | ||
| 100 | _aScholastic. | ||
| 245 | 0 | _a5 busy ducklings / | |
| 245 | 0 | _cby Scholastic. | |
| 260 | _aNew York, New York : | ||
| 260 | _bScholastic, | ||
| 260 | _c2010 | ||
| 300 | _aunpaged : | ||
| 300 | _bcolored illustrations ; | ||
| 300 | _c16cm. | ||
| 440 | _aRookie toddler. | ||
| 500 | _a160L | ||
| 650 | _aBoard books. | ||
| 650 | _aCounting. | ||
| 650 | _aDucks. | ||
| 700 | _aSeries. | ||
| 700 | _aTitle. | ||
| 999 |
_c361074 _d361074 |
||